[Event "Clichy intern op 0304"]
[Site "Clichy"]
[Date "2004.01.29"]
[Round "5"]
[White "Gruhn, Christophe"]
[Black "Brochard, Daniel"]
[Result "1-0"]
[WhiteElo "1340"]
[BlackElo "1420"]
[PlyCount "57"]
[EventDate "2003.10.16"]
[EventType "swiss"]
[EventRounds "6"]
[EventCountry "FRA"]
[SourceTitle "EXT 2008"]
[Source "ChessBase"]
[SourceDate "2007.11.25"]
[SourceVersion "1"]
[SourceVersionDate "2007.11.25"]
[SourceQuality "1"]

1. e4 e6 2. d4 a6 3. Nf3 d6 4. Be2 h6 5. 0-0 g5 6. Nc3 Nc6 7. Be3 Bg7 8. Qd2 g4 9. Ne1 h5 10. f4 Nh6 11. Nd1 b5 12. c3 Bb7 13. d5 Ne7 14. dxe6 fxe6 15. Bd3 c5 16. f5 exf5 17. exf5 Nd5 18. Bg5 Nf6 19. Nc2 Kf7 20. b3 Qb6 21. c4 Ne4 22. Bxe4 Bxa1 23. Bd5+ Bxd5 24. Qxd5+ Kg7 25. Bxh6+ Kxh6 26. Qe6+ Kg5 27. Qg6+ Kh4 28. g3+ Kh3 29. Nf2# 1-0

[Event "Clichy intern op 0304"]
[Site "Clichy"]
[Date "2003.10.16"]
[Round "1"]
[White "Marquet, Didier"]
[Black "Brochard, Daniel"]
[Result "1-0"]
[WhiteElo "1450"]
[BlackElo "1420"]
[PlyCount "101"]
[EventDate "2003.10.16"]
[EventType "swiss"]
[EventRounds "6"]
[EventCountry "FRA"]
[SourceTitle "EXT 2008"]
[Source "ChessBase"]
[SourceDate "2007.11.25"]
[SourceVersion "1"]
[SourceVersionDate "2007.11.25"]
[SourceQuality "1"]

1. e4 e6 2. d4 a6 3. Nc3 d6 4. Nf3 h6 5. a3 Nc6 6. d5 Nce7 7. dxe6 fxe6 8. Bc4 Nc6 9. b4 b5 10. Be2 Qf6 11. Bb2 e5 12. 0-0 Be6 13. Nd5 Qf7 14. c4 Rb8 15. Rc1 Bxd5 16. Qxd5 Nge7 17. Qd2 g5 18. cxb5 axb5 19. h3 Qg6 20. Qe3 Rg8 21. g4 Bg7 22. Rfd1 Bf6 23. Kh2 Kd7 24. Rd3 Qh7 25. Kg2 Ng6 26. Qc5 Nf4+ 27. Kf1 Qxe4 28. Re3 Qxf3 29. Bxf3 dxc5 30. Rd1+ Nd4 31. bxc5 Nxh3 32. Bd5 Rh8 33. Rxh3 c6 34. Be4 Rbf8 35. Bc3 Ra8 36. Bxd4 exd4 37. Rdd3 Ra4 38. Rhf3 Be7 39. Rf7 Rc4 40. Bf5+ Ke8 41. Be6 Rc2 42. Kg2 Bxc5 43. Rdf3 Rf8 44. Bd7+ Kd8 45. Rxf8+ Bxf8 46. Bxc6 Rxc6 47. Rxf8+ Ke7 48. Rf5 d3 49. Rxb5 d2 50. Re5+ Kd6 51. Rf5 1-0